UBT Library

Abnormal psychology. (Record no. 1183)

000 -LEADER
fixed length control field 00571nam a22002177a 4500
008 - FIXED-LENGTH DATA ELEMENTS--GENERAL INFORMATION
fixed length control field 150925b xxu||||| |||| 00| 0 eng d
020 ## - INTERNATIONAL STANDARD BOOK NUMBER
International Standard Book Number 9780205649907
020 ## - INTERNATIONAL STANDARD BOOK NUMBER
International Standard Book Number 0205649904
041 0# - LANGUAGE CODE
Language code of text/sound track or separate title eng
080 ## - UNIVERSAL DECIMAL CLASSIFICATION NUMBER
Universal Decimal Classification number 159.9
100 1# - Rafti
Rafti Butcher, James Neal,
245 10 - TITLE STATEMENT
Title Abnormal psychology.
250 ## -
-- 14th ed. /
-- James N. Butcher, Susan Mineka, Jill M. Hooley.
260 ## -
-- Boston :
-- Pearson,
300 ## -
-- 632 f.:
-- me il.;
-- 29 cm.
650 #0 -
-- Psikologji
650 #0 -
-- Psikiatri
700 1# -
-- Mineka, Susan.
700 1# -
-- Hooley, Jill M.
942 ## - ADDED ENTRY ELEMENTS (KOHA)
Source of classification or shelving scheme
Item type Books
Holdings
Withdrawn status Lost status Source of classification or shelving scheme Damaged status Not for loan Collection code Permanent location Current location Shelving location Date acquired Total Checkouts Full call number Barcode Date last seen Price effective from Koha item type
          Koleksioni i përgjithshem UBT - Lipjan UBT - Lipjan Koleksioni i përgjithshem 09/25/2015   159.9 BUT 002-007739 09/25/2015 09/25/2015 Books
UBT Library © 2015-2024. All rights reserved University Education for Business and Technology